000
00333nam a2200157Ia 4500
100
_a
Chakrabarti/Anirban
650
_a
Computer security
942
_c
BK
366
_f
25
245
_a
Grid Computing Security
260
_b
Springer
_c
2007
082
_a
5.8
_b
CHA
300
_a
331
546
_a
ENGLISH
_c
Computers
999
_c
25819
_d
25819